000 004290000a22001330004500
090 _aAR
_b04322
245 1 0 _aOverlooked synonym of Limnogonus luctuosus montrousier (Heteroptera: Gerridae)
500 _a<Literatura de escarabajos coprófagos>
041 0 _aInglés
700 1 _aPolhemus, Dan A.
_998154
100 1 _aPolhemus, John T.
_998155
942 _cARTICULO
773 1 _tJ. New York Entomol. Soc.
_h3-4
_q416-417
_d2001
_g109
999 _c13419
_d13419